000 00178 a2200097 4500
020 _a8471768879
041 _aspa
100 _aJesus Ballaz
245 _aIbai Aviador
942 _cK
999 _c31227
_d31225